01886nam a2200253 a 4500001001000000005001700010008004100027041000800068044000700076084002000083100004500103245011200148260003400260300002200294500022300316500077100539500007601310500000901386650005201395650005601447650003401503650004501537740005001582BRCA_239720190320203805.0111108s1662----be-a---###---#000-0#spa-u aspa abe a038b.M66c16621 aCervantes Saavedra, Miguel ded1547-161610aVida y hechos del Ingenioso Cavallero Don Quixote de la Manchaccompuesto por Miguel de Cervantes Saavedra. aBruselasbJuan Mommartec1662 a2 v.bil.c18 cm. aContenido : v 1. Prólogo del autor. Versos preliminares. Aprovación y suma del Privilegio Real. Texto. -- v 2. Prólogo del autor. Aprovaciones. Licencia de la edición príncipe y privilegio para esta edición aPrimera edición en que se cambió el primitivo título de la edición príncipe por el de: Vida y Hechos del Ingenioso Cavallero..., generalizado en ediciones posteriores, y primera, impresa en legua española, que contiene estampas, copias de la holandesa de 1657, dibujadas por Savry, y reproducidas y grabadas por Bouttats. Es, además, una de las dos primeras ediciones con ilustración completa, ya que las anteriores tenían ilustrados únicamente los frontispicios y las portadas. Suprime las dedicatorias del autor. Aquí D. Quijote y Sancho corren sus aventuras en un ambiente típicamente holandés, y ellos mismos reflejan rasgos de los holandeses. Ejemplar maltratado, encuadernado en becerro, filetes dorados en los planos Lúdovik Osterc aEstado físico : Los dos volúmenes presentan la cubierta desprendida aQM2114aNovela españolayÉpoca clásica, 1500-170014aLiteratura españolayÉpoca clásica, 1500-170014aNovela españolaySiglo XVII14aDon Quijote (Personaje ficticio)eNovela0 aEl Ingenioso Hidalgo Don Quijote de la Mancha